Device-independent graphics with examples from IBM personal computers /

Gespeichert in:
Bibliographische Detailangaben
Hauptverfasser: Sproull, Robert F (Verfasst von), Sutherland, W.R (Verfasst von), Ullner, Michael K (Verfasst von)
Format: Buch
Sprache:Englisch
Veröffentlicht: New York : McGraw-Hill, 1989
Tags: Tag hinzufügen
Keine Tags, Fügen Sie das erste Tag hinzu!

MARC

LEADER 00000nam a22000003a 4500
001 stu1758
005 20150617225624.5
008 920601s1989----xxu-----------------eng-d
040 |a STU  |b slo 
041 0 |a eng 
044 |a xxu 
080 |a 681.327.11  |7 stu_us_auth*stu9903 
080 |a 519.674 
080 |a 519.68 
100 1 |a Sproull, Robert F  |4 aut 
245 1 |a Device-independent graphics with examples from IBM personal computers /  |c [aut.] Sproull,Robert F.; Sutherland,W.R.; Ullner,Michael K 
260 |a New York :  |b McGraw-Hill,  |c 1989 
300 |a 546 s 
700 1 |a Sutherland, W.R  |4 aut 
700 1 |a Ullner, Michael K  |4 aut 
996 |c I*12G4173  |l I  |s A  |a 24  |w stu1758_0001